000 00516nam a22001697a 4500
999 _c62254
_d62254
005 20240905145350.0
008 240905c2006 enk||||| |||| 00| 0 eng d
022 _a0149 9246
041 _aeng
245 _aHastings International and Comparative Law Review :
_b2006 /
_c Editor K. Cornuelle.
260 _aCalifornia,
_c2006.
300 _aV.
653 _aსამართალი
653 _aპერიოდიკა
700 _aCornuelle, K.
_eრედაქტორი
_923165
942 _2udc
_cCR